000 00875nam a2200253 a 4500
999 _c11956
_d11956
001 11956
003 BD-JhCC
005 20221107134024.0
008 210224b20122020bg a|||| ||a| 000 0 mul d
020 _a9789848980279
035 _a(BD-JhCC)11956
040 _aBD-JhCC
_dBD-JhCC
041 _aBen, Eng
082 _a005.369
_bMAH 2020
100 _aরহমান, মাহবুবুর
245 _aমাইক্রোসফস অফিস ট্রেনিং গাইড /
_c মাহবুবুর রহমান
260 _aঢাকা, বাংলাদেশ :
_bসিসটেক পাবলিকেশন্স লিমিটেড;
_c২০২০.
300 _a368 p. :
_bill
_c24 cm.
650 _aMicrosoft Word
650 _aMicrosoft Office
650 _aComputer software--Development
942 _2ddc
_cBK
_01